Responses for show #8325 - Friday, January 29, 2021

Zach Newkirk game 6.

Contestants

[<< previous game]

Bo Mendez, a museum and cultural professional originally from New Braunfels, Texas

Kristen Seigel, a high school Spanish teacher from Columbus, Ohio

Zach Newkirk, an attorney from Alexandria, Virginia (whose 5-day cash winnings total $110,870)

[next game >>]

Jeopardy! Round responses

GYM & JUICE
THE SPORTSCASTER'S QUOTE
LINCOLN BLOGS
PLACES IN THE GOOD BOOK
CODE WORDS
PRIME RHYME
    $200 12
the abdominal muscles

Bo
    $200 1
Illinois

Zach
    $200 6
the Sea of Galilee

Zach
    $200 8
quick response

Kristen
    $200 15
a mime

Kristen
    $400 13
grapes

Kristen
    $400 2
(Ken: Yes, Lincoln was a very prescient blogger, it turns out.)

Mary Todd

Bo
    $400 7
Cana

Triple Stumper
    $400 9
genetic code

Bo
    $400 16
thyme

Bo
    $600 20
cranberry juice

Zach
    $600 28
[The end-of-round signal sounds.]

Stanford

Zach
    $600 3
the Whigs

Zach
    $600 23
Turkey

Zach
    $600 10
a chimney

Bo
    $600 17
a chime

Kristen
    $800 21
a squat

Bo
    $800 27
friends

Triple Stumper
    $1,000 4
Stephen Douglas

Zach
    $800 24
(Bo: What is Sodom?)

Nineveh

Bo
Triple Stumper
    $800 11
(Bo: What is academic?)
(Kristen: What is honesty?)

the honor code

KristenBo
Triple Stumper
    $800 18
a lime

Bo
    $1000 22
shadow boxing

Bo
    $1000 26
(Dick) Vitale

Kristen
    $1000 5
(Bo: Uh, who is Lee?)

George McClellan

ZachBo
    $1000 25
(Ken: Less than a minute now, Zach.)

Beersheba

Triple Stumper
    $1000 14
improvement

Kristen
    $1000 19
a clime

Bo

Scores at the first commercial break (after clue 15):

Zach Kristen Bo
$3,000 $1,000 -$200

Scores at the end of the Jeopardy! Round:

Zach Kristen Bo
$4,800 $2,600 $3,000

Double Jeopardy! Round responses

POET-POURRI
1980s TIME CAPSULE
AROUND THE CARIBBEAN
TO PHRASE A COIN
BIG STAR
NO. 1 RECORD
    $400 16
Boston

Bo
    $400 7
Ethiopia

Zach
    $400 2
Haiti

Zach
    $400 1
a quarter

Zach
    $400 17
(Zach: What is Alpha Centauri?)

Proxima Centauri

ZachBo
    $400 24
that Bass

Bo
    $800 19
(Bo: What is stone?)

beauty

Bo
Triple Stumper
    $800 8
a Swatch

Bo
    $800 3
(Kristen: What is Arabica?)

the Blue Mountains

Kristen
Triple Stumper
    $800 12
a dime

Zach
    $800 18
Gemini

Kristen
    $800 25
(Bo: Who are K-Ci & JoJo?)

Boyz II Men

KristenBo
    $1200 20
(Zach: Who's Lord Byron?)

Keats

Zach
Triple Stumper
    $1200 9
Married... with Children

Bo
    $1200 4
Guantanamo

Zach
    $1200 13
a red cent

Bo
    $1200 23
Bootes

Triple Stumper
    $1200 28
"Believe"

Bo
    $1600 21
(Kristen: POET, $2000.)
(Ken: All right, it can't get worse.)
[Laughter]

T.S. Eliot

Triple Stumper
    $1600 10
a yuppie

Triple Stumper
    $1600 5
(Bo: Uh, what are the Bahamas?)

the British Virgin Islands

Bo
Triple Stumper
    $1600 14
a wooden nickel

Zach
    $1600 26
(Ken: Less than a minute now.)

the Southern Cross

Bo
    $1600 29
"Seasons In The Sun"

Kristen
    $2000 22
Omar Khayyam

Zach
    $2000 11
Dukakis

Zach
    $3,000 6
St. Maarten

Zach
    $2000 15
dollars to doughnuts

Kristen
    $2,600 27
(Ken: Bo?)
[Bo says nothing.]

Antares

Bo
    $2000 30
"Georgia On My Mind"

Zach

Scores at the end of the Double Jeopardy! Round:

Zach Kristen Bo
$17,000 $7,000 $4,400
(lock game)

[wagering suggestions for these scores]

Final Jeopardy! Round responses

BRITISH ARMY HISTORY
(Ken: No, the northern Irish city is [*], also called [**], depending on which side of that you fall.)
BoWhat is Belfast?
$4,000
KristenWhat is Belfast?
$1,900
ZachWhat is Belfast?
$2,999
Londonderry/Derry

Final scores:

Zach Kristen Bo
$14,001 $5,100 $400
6-day champion: $124,871 2nd place: $2,000 3rd place: $1,000

Game dynamics:

Coryat scores:

Zach Kristen Bo
$15,800 $7,000 $7,000
18 R
(including 2 DDs),
2 W
10 R,
2 W
17 R,
7 W
(including 1 DD)

Combined Coryat: $29,800

The J! Archive is created by fans, for fans. The Jeopardy! game show and all elements thereof, including but not limited to copyright and trademark thereto, are the property of Jeopardy Productions, Inc. and are protected under law. This website is not affiliated with, sponsored by, or operated by Jeopardy Productions, Inc. Join the discussion at JBoard.tv.